Dzieje wojen i wojskowości w Polsce ... (Record no. 15430)
[ view plain ]
| 000 -LEADER | |
|---|---|
| fixed length control field | 00827cam a22002411 4500 |
| 001 - CONTROL NUMBER | |
| control field | ca 18001410 |
| 003 - CONTROL NUMBER IDENTIFIER | |
| control field | DLC |
| 005 - DATE AND TIME OF LATEST TRANSACTION | |
| control field | 20260227111107.0 |
| 008 - FIXED-LENGTH DATA ELEMENTS--GENERAL INFORMATION | |
| fixed length control field | 921019s1912 pl 000 0 pol |
| 010 ## - LIBRARY OF CONGRESS CONTROL NUMBER | |
| LC control number | ca 18001410 |
| 035 ## - SYSTEM CONTROL NUMBER | |
| System control number | (OCoLC)26816976 |
| 040 ## - CATALOGING SOURCE | |
| Original cataloging agency | DLC |
| Transcribing agency | CU |
| Modifying agency | CU |
| -- | DLC |
| 042 ## - AUTHENTICATION CODE | |
| Authentication code | premarc |
| 050 00 - LIBRARY OF CONGRESS CALL NUMBER | |
| Classification number | DK417 |
| Item number | .K7 1912 |
| 100 1# - MAIN ENTRY--PERSONAL NAME | |
| Personal name | Korzon, Tadeusz, |
| Dates associated with a name | 1839-1918. |
| 245 00 - TITLE STATEMENT | |
| Title | Dzieje wojen i wojskowości w Polsce ... |
| Statement of responsibility, etc. | napisał Tadeusz Korzon ... |
| 260 ## - PUBLICATION, DISTRIBUTION, ETC. | |
| Place of publication, distribution, etc. | Kraków, |
| Name of publisher, distributor, etc. | Akademia umiejȩtności, |
| Date of publication, distribution, etc. | 1912. |
| 300 ## - PHYSICAL DESCRIPTION | |
| Extent | 3 v. |
| Dimensions | 26 cm. |
| 505 0# - FORMATTED CONTENTS NOTE | |
| Formatted contents note | t. I-II. Epoka przedrozbiorowa.--t. III. Rozdział o broni i uzbrojeniu oraz epokȩ porozbiorowa̧ opracował Bronisław Gembarzewski. |
| 651 #0 - SUBJECT ADDED ENTRY--GEOGRAPHIC NAME | |
| Geographic name | Poland |
| General subdivision | History, Military. |
| 651 #0 - SUBJECT ADDED ENTRY--GEOGRAPHIC NAME | |
| Geographic name | Poland |
| General subdivision | History. |
| 700 1# - ADDED ENTRY--PERSONAL NAME | |
| Personal name | Gembarzewski, Bronisław, |
| Dates associated with a name | 1872-1941. |
No items available.